|
|
|
|
| LEADER |
00000nam a2200000 a 4500 |
| 001 |
vtls001124875 |
| 003 |
SK-MaSNL |
| 005 |
20260301001732.0 |
| 008 |
240318s1995 xo aap r 0yy cze |
| 015 |
|
|
|a SNBA1996/0300672
|
| 020 |
|
|
|a 8071002259
|c (200 výt.)
|
| 035 |
|
|
|a SNK000067721
|
| 035 |
|
|
|a urn:nbn:sk:snk-amk1ty
|
| 035 |
|
|
|a urn:nbn:sk:snk-am00869r
|
| 035 |
|
|
|a 0A979316-47B2-46A0-9013-288AC1958B4D
|
| 040 |
|
|
|a SNK
|b slo
|c SNK
|e AACR2
|
| 041 |
0 |
|
|a cze
|
| 044 |
|
|
|a xo
|c SK
|
| 080 |
|
|
|a 624.2/.8.014:625.1(035)=850
|2 1981
|
| 080 |
|
|
|a 625.1(035)
|2 1981
|
| 100 |
1 |
|
|a Šertler, Hynek,
|d 1933-2006
|4 aut
|9 37198
|
| 245 |
1 |
0 |
|a Skutečné působení ocelových železničních mostů
|c Hynek Šertler, Josef Vičan
|
| 250 |
|
|
|a 1. vyd.
|
| 260 |
|
|
|a Žilina
|b VŠDS
|c 1995
|
| 300 |
|
|
|a 326 s.
|b Grafy, sch., tab.
|c 25 cm
|
| 504 |
|
|
|a Bibliogr. Čes.-slov.-angl. slovníček
|
| 650 |
0 |
7 |
|a železničné mosty
|2 SNK
|9 85464
|
| 655 |
|
7 |
|a príručky
|2 SNK
|9 74364
|
| 700 |
1 |
|
|a Vičan, Josef
|4 aut
|9 7216
|
| 919 |
|
|
|a 80-7100-225-9
|
| 958 |
|
|
|a TL
|
| 958 |
|
|
|a NB
|
| 958 |
|
|
|a CZ
|
| 999 |
|
|
|c 535593
|d 537523
|
| 952 |
|
|
|a SNK
|b SNK
|y PREZ
|7 0
|p 17A1014227
|o snkSC 89801
|0 0
|1 0
|4 0
|d 2012-08-22
|f 1
|l 0
|r 2025-09-09 00:00:00
|w 2026-02-23
|
| 952 |
|
|
|t P60, <09>, [BOOK], {629}
|a SNK
|b SNK
|y NEVYP
|7 0
|o snkC 122
|i snk225/960115
|0 0
|1 0
|4 0
|d 1996-01-12
|l 0
|r 2004-12-31 00:00:00
|w 2026-02-23
|
| 952 |
|
|
|t P60, <03>, [BOOK], {603}
|a SNK
|b SNK
|y PREZ
|7 0
|o snkSC 89801
|i snkKSP 00790/96
|0 0
|1 0
|4 0
|d 1996-01-18
|l 0
|r 2004-12-31 00:00:00
|w 2026-02-23
|
| 952 |
|
|
|t P60, <04>, [BOOK], {604}
|a SNK
|b SNK
|y VYP
|7 0
|p 17A0079214
|o snkSC 89801 D1
|i snkKSP 00791/96
|0 0
|1 0
|4 0
|d 1996-01-18
|l 0
|r 2004-12-31 00:00:00
|w 2026-02-23
|